000 00522nam a2200169Ia 4500
003 SGT
020 _a81-7029-296-4
082 _a4
_bTHO
100 _aThomas,Robert M
245 _ados 6 & 6.2 instant reference
250 _a2nd Ed.
260 _bBPB Publications
_aNew Delhi
_c1994
300 _a346p.
650 _aCOMPUTER SCIENCE
653 _aGENERAL RULES FOR USING DOS, INSTALLING AND CONFIGURING DOS 6, THE DOS SHELL, DOS COMMANDS, CONFIG.SYS COMMANDS, USING BATCH FILES, ABOUT DOS VERSION6
942 _2ddc
_cBK
999 _c5641
_d5641